Normal view
MARC view
- Rayarikar, A. & Medhekar, A
Entry Personal Name
001 - CONTROL NUMBER
- control field: 209072
003 - CONTROL NUMBER IDENTIFIER
- control field: OSt
005 - DATE AND TIME OF LATEST TRANSACTION
- control field: 20241116140256.0
008 - FIXED-LENGTH DATA ELEMENTS
- fixed length control field: 241116|| aca||aabn | a|a d
040 ## - CATALOGING SOURCE
- Original cataloging agency: OSt
- Transcribing agency: OSt
100 ## - HEADING--PERSONAL NAME
- Personal name: Rayarikar, A. & Medhekar, A
670 ## - SOURCE DATA FOUND
- Source citation: Work cat.: (OSt)362167: Rayarikar, A. & Medhekar, A., Business Mathematics - I ( F.Y.B.B.A. )